Graded Exercises in Technical Drawing: (Record no. 16795)
[ view plain ]
| 000 -LEADER | |
|---|---|
| fixed length control field | 00460nam a22001817a 4500 |
| 003 - CONTROL NUMBER IDENTIFIER | |
| control field | OSt |
| 005 - DATE AND TIME OF LATEST TRANSACTION | |
| control field | 20180410122903.0 |
| 008 - FIXED-LENGTH DATA ELEMENTS--GENERAL INFORMATION | |
| fixed length control field | 180410b xxu||||| |||| 00| 0 eng d |
| 020 ## - INTERNATIONAL STANDARD BOOK NUMBER | |
| International Standard Book Number | 058265095-x |
| 040 ## - CATALOGING SOURCE | |
| Transcribing agency | KABU |
| 050 ## - LIBRARY OF CONGRESS CALL NUMBER | |
| Classification number | T 353 |
| Item number | .B53 1982 C.1 |
| 100 ## - MAIN ENTRY--PERSONAL NAME | |
| Personal name | Bland, S |
| 245 ## - TITLE STATEMENT | |
| Title | Graded Exercises in Technical Drawing: |
| Statement of responsibility, etc. | S. Bland |
| 260 ## - PUBLICATION, DISTRIBUTION, ETC. (IMPRINT) | |
| Place of publication, distribution, etc. | Malaysia: |
| Name of publisher, distributor, etc. | Longman; |
| Date of publication, distribution, etc. | 1982. |
| 300 ## - PHYSICAL DESCRIPTION | |
| Extent | iv, 188p. |
| 650 ## - SUBJECT ADDED ENTRY--TOPICAL TERM | |
| Topical term or geographic name as entry element | Mechanical drawing |
| 942 ## - ADDED ENTRY ELEMENTS (KOHA) | |
| Source of classification or shelving scheme | Library of Congress Classification |
| Koha item type | General Collection |
| Withdrawn status | Lost status | Source of classification or shelving scheme | Not for loan | Home library | Current library | Date acquired | Cost, normal purchase price | Inventory number | Total Checkouts | Full call number | Barcode | Date last seen | Copy number | Price effective from | Koha item type |
|---|---|---|---|---|---|---|---|---|---|---|---|---|---|---|---|
| Library of Congress Classification | Kabarak, Main Campus | Kabarak, Main Campus | 10/04/2018 | 790.00 | 2018/0184 | T 353 .B53 1982 C.1 | 024067 | 10/04/2018 | C. 1 | 10/04/2018 | General Collection | ||||
| Library of Congress Classification | Kabarak, Main Campus | Kabarak, Main Campus | 10/04/2018 | 790.00 | 2018/0184 | T 353 .B53 1982 C.3 | 024069 | 10/04/2018 | C. 3 | 10/04/2018 | General Collection | ||||
| Library of Congress Classification | Kabarak, Main Campus | Kabarak, Main Campus | 10/04/2018 | 790.00 | 2018/0184 | T 353 .B53 1982 C.2 | 024068 | 10/04/2018 | C. 2 | 10/04/2018 | General Collection |